| 000 | 00871nam a2200229 a 4500 | ||
|---|---|---|---|
| 008 | 090112s2007 ||||||||||||||||| || u | ||
| 020 | _a0333786971 | ||
| 050 | _aHV 6947 Hug | ||
| 100 | _aHughes, Gordon | ||
| 245 | 1 | 4 |
_aThe politics of crime and community _cGordon Hughes |
| 260 |
_aNew York _bPalgrave MacMillian _c2007 |
||
| 300 | _axi, 231p. | ||
| 350 | _a0.00 | ||
| 650 | _aCOMMUNITY LIFE--GREAT BRITAIN | ||
| 650 | _aGREAT BRITAIN--SOCIAL CONDITIONS | ||
| 650 | _aOFFENSES AGAINST PUBLIC SAFETY--GREAT BRITAIN | ||
| 650 | _aCOMMUNITARIANISM--GREAT BRITAN | ||
| 650 | 0 | _aCRIMINOLOGY | |
| 650 | _aCRIME--GREAT BRITAIN--PREVENTION | ||
| 650 | _aGREAT BRITAIN--POLITICS AND GOVERNMENT | ||
| 995 |
_D0.00 _FCBU-MAIN LIBRARY (Kitwe) _H1 _I0.00 _M1 _UAVAILABLE _WMar 10, 2009 _ZAnnex Low-Usage Collection |
||
| 999 |
_c53944 _d53944 |
||